LEADER 01485nam a2200241 4500 001 000000343174 003 CaOOAMICUS 005 20201130133204.0 008 201130s1980 it a 001 u ita r 040 $aSeMil$bita 100 1 $aMaddaloni, Vincenzo.$0(OLS)http://semarc/name/19094 245 10$aImmagini sacre da libro disegnate, dipinte, incise, traforate a punta d'ago o forbice, collages con carte colorate, stagnola, paglia, celluloide, stampate su pergamena, con parti mobili e guarnizioni, contornate da pizzo a stampo ... /$cVincenzo Maddaloni, Giuseppe Usicco. 264 1$a[s.l.] :$bSan Paolo-Publiepi,$ccopyr. 1980. 300 $a112 p. :$bill. ;$c28 cm 501 $aSupplemento al n. 68 de "Il millimetro" periodico di informazione di marketing e di pubblicità della Publiepi 504 $aContiene : Bibliografia sommaria 650 4$aImmagini sacre.$0(OLS)http://semarc/subject/6118 700 1 $aUsicco, Giuseppe.$0(OLS)http://semarc/name/112548 850 $aSeMil 852 $aSeMil$W1$xVenegono$y1$m5J VII 40$j222986$B234390$CSeMilBibl$Z2$F234390 $81 996 $6245$aImmagini sacre da libro disegnate, dipinte, incise, traforate a punta d'ago o forbice, collages con carte colorate, stagnola, paglia, celluloide, stampate su pergamena, con parti mobili e guarnizioni, contornate da pizzo a stampo ...$9(OLS)http://semarc/title/432149 996 $6264$a[s.l.] :$bSan Paolo-Publiepi$9(OLS)http://semarc/publisher/59401 LEADER 01260nam a2200265 i 4500 001 000000021309 003 CaOOAMICUS 005 20250829093721.0 008 180830s19781985xxk u000 u mul u 040 $aSeMil$bita 100 0 $aHomerus,$d.$0(OLS)http://semarc/name/1139 245 14$aThe Iliad /$cHomer ; with an english translation by A. T. Murray. 260 $aLondon ; Melbourne ; Toronto :$bWilliam Heinemann,$c1978-1985. 264 1$aCambridge, Massachusetts :$bHarvard University Press ;$aLondon :$bHeinemann,$c1978-1985. 300 $a2 v. ;$c17 cm. 546 $aTesto in inglese e greco 650 4$aOmero . Iliade.$0(OLS)http://semarc/subject/3345 700 1 $aMurray, Augustus Taber,$d<1866-1940>.$0(OLS)http://semarc/name/9507 774 0 $tVol. 1.$kLoeb Classical Library$w()179406 774 0 $tVol. 2.$kLoeb Classical Library$w()179407 996 $6245$aThe Iliad$9(OLS)http://semarc/title/28196 996 $6260$aLondon ; Melbourne ; Toronto :$bWilliam Heinemann$9(OLS)http://semarc/publisher/30205 996 $6264$aCambridge, Massachusetts :$bHarvard University Press$9(OLS)http://semarc/publisher/30206 996 $6264$aLondon :$bHeinemann$9(OLS)http://semarc/publisher/58753